000 00472nam a2200181Ia 4500
008 090123s9999 xx 000 0 und d
082 _b26616
_a891.463/बोधे
100 _aबोधे व.बा.
245 _aधामण
250 _a1
260 _bअमोल प्रकाशन
300 _a160
600 _aबोधे व.बा.
630 _aधामण
700 _aबोधे व.बा.
730 _aधामण
942 _cBOOK
999 _c64685
_d64685